000 00303nam a2200121Ia 4500
008 240624s9999 xx 000 0 und d
041 _aeng
082 _a658.452 DON
100 _aDONOVAN JEREMEY
245 _aHOW TO DELIVER A TED TALK
260 _c2014
_aNew Delhi
_bTata McGraw-Hill
365 _cRS
_b33
999 _c26315
_d26315